[Event "IECC CL4-2001.11"]
[Site "IECC email"]
[Date "2001.04.17"]
[Round "?"]
[White "Myatt, John R"]
[Black "Hadfield, Donald"]
[Result "1-0"]
[WhiteElo "1580"]
[BlackElo "1600"]
[PlyCount "39"]
[EventDate "2001.??.??"]
[EventType "tourn (corr)"]
[EventRounds "4"]
[SourceTitle "Corr 2008"]
[Source "ChessBase"]
[SourceDate "2008.06.24"]
[SourceVersion "1"]
[SourceVersionDate "2008.06.24"]
[SourceQuality "1"]

1. d4 c5 2. e4 cxd4 3. Nf3 e6 4. c3 Nc6 5. cxd4 d5 6. e5 Bb4+ 7. Bd2 Qb6 8. Bxb4 Qxb4+ 9. Qd2 Nge7 10. Nc3 Ng6 11. a3 Qe7 12. h4 Qc7 13. Nb5 a6 14. Nd6+ Ke7 15. h5 Ngxe5 16. dxe5 f6 17. Nxc8+ Raxc8 18. exf6+ gxf6 19. Rc1 h6 20. Nh4 1-0